Význam a úlohy podnikateľských inkubátorov v SR bakalárska práca

Guardado en:
Detalles Bibliográficos
Autor principal: Strapáková, Katarína
Autor Corporativo: Fakulta podnikového manažmentu EU. Katedra podnikovohospodárska
Otros Autores: Bukovová, Sylvia, 1959-
Formato: Libro
Lenguaje:eslovaco
Publicado: Bratislava 2024
Etiquetas: Agregar Etiqueta
Sin Etiquetas, Sea el primero en etiquetar este registro!

MARC

LEADER 00000nbm a2200000 4500
001 0302003
005 20250206093134.6
041 0 |a slo 
044 |a SK 
245 1 0 |a Význam a úlohy podnikateľských inkubátorov v SR  |b bakalárska práca  |c Katarína Strapáková ; školiteľ: Sylvia Bukovová 
264 1 |a Bratislava  |c 2024 
300 |a 59 s. 
100 1 |a Strapáková, Katarína 
700 1 |a Bukovová, Sylvia, 1959- 
710 2 |a Fakulta podnikového manažmentu EU. Katedra podnikovohospodárska